[Event "Banja Luka"]
[Site "Banja Luka"]
[Date "1976.??.??"]
[Round "8"]
[White "Vukic, Milan"]
[Black "Andersson, Ulf"]
[Result "1/2-1/2"]
[WhiteElo "2510"]
[BlackElo "2585"]

1.Nf3 Nf6 2.c4 c5 3.g3 b6 4.Bg2 Bb7 5.Nc3 g6 6.O-O Bg7 7.d4 cxd4 8.Qxd4 d6
9.Rd1 Nbd7 10.b3 a6 11.Bb2 O-O 12.Ne1 Bxg2 13.Nxg2 Re8 14.Ne3 Qb8 15.Ncd5 Qb7
16.Rab1 b5 17.cxb5 axb5 18.Nb4 Ne5 19.Rdc1 Rec8 20.Rxc8+  1/2-1/2

[Event "Banja Luka"]
[Site "Banja Luka"]
[Date "1976.??.??"]
[Round "9"]
[White "Andersson, Ulf"]
[Black "Parma, Bruno"]
[Result "1/2-1/2"]
[WhiteElo "2585"]
[BlackElo "2515"]

1.Nf3 c5 2.g3 Nc6 3.Bg2 g6 4.c3 Bg7 5.d4 cxd4 6.cxd4 d5 7.Nc3 Nf6 8.Ne5 O-O
9.O-O e6 10.Nxc6 bxc6 11.Na4 Nd7 12.Bf4 Ba6 13.Rc1 Qa5 14.b3 Rfc8  1/2-1/2

[Event "Banja Luka"]
[Site "Banja Luka"]
[Date "1976.??.??"]
[Round "10"]
[White "Lakic, Nikola"]
[Black "Andersson, Ulf"]
[Result "1/2-1/2"]
[WhiteElo "2380"]
[BlackElo "2585"]

1.d4 Nf6 2.c4 e6 3.Nf3 b6 4.g3 Bb7 5.Bg2 Be7 6.O-O O-O 7.Nc3 Ne4 8.Qc2 Nxc3
9.Qxc3 c5 10.Rd1 d6 11.b3 Nd7 12.Bb2 Nf6 13.d5 exd5 14.cxd5 Re8 15.e4 b5
16.Re1 Bf8 17.Nh4 a5 18.Nf5 a4 19.Rad1 axb3 20.axb3 b4 21.Qc1 Nd7 22.f4 g6
23.Ne3 Ba6 24.Ba1 Bb5 25.Qb2 Rxa1 26.Qxa1 Bg7 27.Qa7 Bc3 28.Bf1 Bxf1 29.Nxf1 Bxe1
30.Rxe1 Nf6 31.e5 dxe5 32.fxe5 Qxd5 33.exf6 Qd4+ 34.Kg2 Qd5+  1/2-1/2

[Event "Banja Luka"]
[Site "Banja Luka"]
[Date "1976.??.??"]
[Round "12"]
[White "Smejkal, Jan"]
[Black "Andersson, Ulf"]
[Result "0-1"]
[WhiteElo "2615"]
[BlackElo "2585"]

1.d4 Nf6 2.c4 e6 3.g3 c5 4.d5 exd5 5.cxd5 d6 6.Nc3 g6 7.Bg2 Bg7 8.Nf3 O-O
9.O-O Re8 10.Bf4 a6 11.a4 Qc7 12.Qd2 Nbd7 13.b3 Ne4 14.Nxe4 Rxe4 15.Rac1 Re8
16.b4 a5 17.bxc5 Nxc5 18.Nd4 Bd7 19.Nc6 Qb6 20.Rb1 Qa6 21.Bxd6 Nxa4 22.Rfc1 bxc6
23.dxc6 Bf5 24.c7 Nc3 25.e4 Bxe4 26.Rb8 Raxb8 27.cxb8=Q Rxb8 28.Bf1 Qa8 29.Bxb8 Qxb8
30.Rxc3 Bxc3 31.Qxc3 Qb4 32.Qc7 a4 33.h4 a3 34.h5 gxh5 35.Qd8+ Kg7 36.Qg5+ Bg6
37.Qe5+ f6 38.Qc7+ Bf7 39.Bg2 a2 40.Bd5 a1=Q+ 41.Kg2 Qf8  0-1

[Event "Banja Luka"]
[Site "Banja Luka"]
[Date "1976.??.??"]
[Round "13"]
[White "Andersson, Ulf"]
[Black "Hulak, Krunoslav"]
[Result "1/2-1/2"]
[WhiteElo "2585"]
[BlackElo "2470"]

1.Nf3 Nf6 2.g3 g6 3.Bg2 Bg7 4.O-O O-O 5.c4 c5 6.Nc3 Nc6 7.a3 d5 8.cxd5 Nxd5
9.Nxd5 Qxd5 10.d3 Qd7 11.Rb1 b6 12.b4 cxb4 13.axb4 Bb7 14.Be3 Nd4 15.Bxd4 Bxd4
16.b5 Bf6 17.d4 Rac8 18.e3 Rc7 19.Ne1 Bxg2 20.Nxg2 Qf5 21.Nf4 Rd8 22.Qd3 Qxd3
23.Nxd3 e5 24.Nxe5 Bxe5 25.dxe5 Rd5  1/2-1/2

[Event "Banja Luka"]
[Site "Banja Luka"]
[Date "1976.??.??"]
[Round "14"]
[White "Bukic, Enver"]
[Black "Andersson, Ulf"]
[Result "1/2-1/2"]
[WhiteElo "2500"]
[BlackElo "2585"]

1.d4 Nf6 2.c4 g6 3.Nc3 Bg7 4.e4 d6 5.Nf3 O-O 6.Be2 c5 7.O-O Re8 8.d5 e6 9.h3 a6
10.a4 exd5 11.exd5 Nbd7 12.Bf4  1/2-1/2

[Event "Banja Luka"]
[Site "Banja Luka"]
[Date "1976.??.??"]
[Round "15"]
[White "Andersson, Ulf"]
[Black "Kurajica, Bojan"]
[Result "1/2-1/2"]
[WhiteElo "2585"]
[BlackElo "2525"]

1.Nf3 g6 2.g3 Bg7 3.Bg2 e5 4.d3 d5 5.O-O Nc6 6.Nc3 d4 7.Ne4 f5 8.Nc5 b6 9.Nb3 Bb7
10.e3 dxe3 11.Bxe3  1/2-1/2

[Event "Haifa ol (Men)"]
[Site "Haifa"]
[Date "1976.??.??"]
[Round "?"]
[White "Pritchett, Craig William"]
[Black "Andersson, Ulf"]
[Result "0-1"]
[WhiteElo "2410"]
[BlackElo "2585"]

1.e4 c5 2.Nf3 d6 3.d4 cxd4 4.Nxd4 Nf6 5.Nc3 e6 6.Be2 Be7 7.O-O O-O 8.f4 a6
9.Kh1 Nc6 10.Be3 Bd7 11.a4 Nxd4 12.Qxd4 Bc6 13.Bf3 Rc8 14.a5 d5 15.e5 Ne4
16.Nxe4 dxe4 17.Be2 Qxd4 18.Bxd4 f5 19.exf6 Bxf6 20.Bxf6 Rxf6 21.c4 Rd8 22.Rad1 Rxd1
23.Bxd1 e5 24.f5 Rd6 25.Bh5 Kf8 26.Rd1 Rd3 27.h4 Ke7 28.Kg1 Rb3 29.Rd2 e3
30.Re2 Kf6 31.g4 g6 32.fxg6 hxg6 33.g5+ Kf5  0-1

[Event "Haifa ol (Men)"]
[Site "Haifa"]
[Date "1976.??.??"]
[Round "?"]
[White "Andersson, Ulf"]
[Black "Torre, Eugenio"]
[Result "1-0"]
[WhiteElo "2585"]
[BlackElo "2505"]

1.Nf3 Nf6 2.g3 g6 3.Bg2 Bg7 4.O-O O-O 5.c4 d6 6.d3 Nh5 7.Nc3 f5 8.d4 e5 9.dxe5 dxe5
10.Qxd8 Rxd8 11.e4 c6 12.Bg5 Re8 13.exf5 gxf5 14.Bh3 Be6 15.Rfe1 h6 16.Be3 Na6
17.Rad1 f4 18.Bxe6+ Rxe6 19.Bc1 fxg3 20.hxg3 Rf8 21.Nh4 Nf6 22.Nf5 Ng4 23.Nxg7 Kxg7
24.Rd7+ Rf7 25.Red1 e4 26.Rxf7+ Kxf7 27.Rd7+ Re7 28.Rxe7+ Kxe7 29.b3 Nb4
30.Ba3 a5 31.Nxe4 b6 32.Kf1 Ke6 33.Nc3 Ke5 34.Ke2 Nc2 35.Bb2 Nd4+ 36.Kf1 Nc2
37.f3 Nge3+ 38.Ke2 Nf5 39.Kd2 Nb4 40.a3 Na6 41.g4 Nh4 42.Ke3 Ke6 43.Ne4 Ng2+
44.Kd2 Nf4 45.Bg7 h5 46.Bh6 Ng6 47.gxh5 Ne5 48.Be3 Nxf3+ 49.Ke2 Ne5 50.Bxb6 a4
51.h6 axb3 52.h7 b2 53.Nd2  1-0

[Event "Stockholm playoff"]
[Site "Stockholm"]
[Date "1976.??.??"]
[Round "1"]
[White "Tal, Mihail"]
[Black "Andersson, Ulf"]
[Result "1/2-1/2"]
[WhiteElo "2615"]
[BlackElo "2585"]

1.e4 c5 2.Nf3 e6 3.d4 cxd4 4.Nxd4 Nf6 5.Nc3 d6 6.f4 a6 7.Be2 Be7 8.O-O O-O
9.Be3 Qc7 10.Qe1 Re8 11.Qg3 Nbd7 12.Nf3 e5 13.Ng5 b5 14.fxe5 dxe5 15.Rad1 Bb7
16.Nd5 Bxd5 17.exd5 Bc5 18.Kh1 Bxe3 19.Qxe3 e4 20.c3 Qe5 21.d6 Rac8 22.Rd4 Rc6
23.Rfd1 h6 24.Nh3 Rd8  1/2-1/2

[Event "Stockholm playoff"]
[Site "Stockholm"]
[Date "1976.??.??"]
[Round "6"]
[White "Andersson, Ulf"]
[Black "Tal, Mihail"]
[Result "1/2-1/2"]
[WhiteElo "2585"]
[BlackElo "2615"]

1.Nf3 Nf6 2.c4 b6 3.e3 Bb7 4.Be2 e6 5.O-O Be7 6.b3 O-O 7.Bb2 c5 8.Nc3 Nc6
9.a3 d5 10.cxd5 Nxd5 11.Rb1 Nf6 12.d3 Rc8 13.Qd2 Qd6 14.Rfd1 Rfd8 15.Qe1 Qb8
16.h3 h6 17.Ba1 Rd7 18.Na2 a5 19.Nc3 Ba6 20.Na4 Nd5 21.Rbc1 Bf6 22.Bxf6 Nxf6
23.Rc2 Nd5 24.Rdc1 Nde7 25.Nb2 Bb7 26.Nc4 Ba8 27.Qc3 Rcd8 28.Rd1 Rd5 29.Rcd2 Qc7
30.Nb2 R5d7 31.Rc2 e5 32.Rcc1 Nf5 33.Nc4 Re7 34.Qb2 Qb8 35.Ncd2 Re6 36.Qb1 Nfe7  1/2-1/2

[Event "Stockholm playoff"]
[Site "Stockholm"]
[Date "1976.??.??"]
[Round "7"]
[White "Tal, Mihail"]
[Black "Andersson, Ulf"]
[Result "1/2-1/2"]
[WhiteElo "2615"]
[BlackElo "2585"]

1.e4 c5 2.Nf3 d6 3.d4 cxd4 4.Nxd4 Nf6 5.Nc3 e6 6.f4 a6 7.Be2 Be7 8.O-O Qc7
9.Qe1 O-O 10.Qg3 Nc6 11.Be3 Bd7 12.Nf3 b5 13.e5 Ne8 14.Rad1 Rd8 15.Ne4 f5
16.exf6 Nxf6 17.Nxf6+ Bxf6 18.c3 Ne7 19.Bd3 Rde8 20.Bd4 Bxd4+ 21.Nxd4 Rf6
22.Rde1 Ref8 23.Qh3 Rh6 24.Qe3 Rhf6 25.Qh3 Rh6 26.Qe3  1/2-1/2

[Event "Stockholm playoff"]
[Site "Stockholm"]
[Date "1976.??.??"]
[Round "8"]
[White "Andersson, Ulf"]
[Black "Tal, Mihail"]
[Result "1/2-1/2"]
[WhiteElo "2585"]
[BlackElo "2615"]

1.Nf3 c5 2.b3 Nf6 3.c4 g6 4.Bb2 Bg7 5.e3 O-O 6.Be2 b6 7.O-O Bb7 8.a3 Nc6
9.d3 d5 10.cxd5 Qxd5 11.Nbd2 Nd7 12.Bxg7 Kxg7 13.Qb1 Kg8 14.Rd1 Rfd8 15.Qb2 Nde5
16.Ne1 Nd7 17.b4 cxb4 18.axb4 Qb5 19.Rdb1 a5 20.bxa5 Qxb2 21.Rxb2 Rxa5 22.Rab1 Ba6
23.Kf1 Na7 24.Nb3 Ra4 25.Ra1 Rxa1 26.Nxa1 Nb5 27.d4 Nc7 28.Bxa6 Nxa6 29.Nac2 Nc7
30.Nb4 Ra8 31.Ned3 e6 32.Rc2 Nb5 33.g4 g5 34.Kg2 Kg7 35.Nc6 Rc8 36.Ndb4 Nf6
37.h3 h5 38.gxh5 Nxh5 39.Ra2 Nf6 40.Ne5 Rc1 41.Nbd3 Rb1 42.Ra8 Rb3 43.Rd8 Nc7
44.Rb8 Nb5 45.Rb7 Nd6 46.Ra7 Kg8 47.Ra8+ Kg7 48.Ra7  1/2-1/2

[Event "Bad Lauterberg"]
[Site "Bad Lauterberg"]
[Date "1977.??.??"]
[Round "2"]
[White "Olafsson, Fridrik"]
[Black "Andersson, Ulf"]
[Result "1-0"]
[WhiteElo "2560"]
[BlackElo "2565"]

1.c4 c5 2.Nf3 g6 3.e4 Bg7 4.d4 d6 5.Nc3 Nf6 6.Be2 O-O 7.O-O Re8 8.h3 cxd4
9.Nxd4 a6 10.Be3 Nbd7 11.Rc1 b6 12.Qd2 Bb7 13.f3 Rc8 14.Bh6 Bh8 15.Nf5 Nh5
16.g4 gxf5 17.gxh5 Bf6 18.exf5 Kh8 19.Kh2 Ne5 20.Nd5 Bxd5 21.cxd5 b5 22.b3 Rg8
23.Rg1 Qb6 24.Be3 Qb7 25.h6 Rxg1 26.Rxg1 Nd7 27.f4 Nc5 28.Bh5 Ne4 29.Qd3  1-0

[Event "Bad Lauterberg"]
[Site "Bad Lauterberg"]
[Date "1977.??.??"]
[Round "3"]
[White "Andersson, Ulf"]
[Black "Csom, Istvan"]
[Result "1/2-1/2"]
[WhiteElo "2565"]
[BlackElo "2535"]

1.g3 g6 2.Bg2 Bg7 3.c4 c5 4.Nc3 Nc6 5.e3 Nh6 6.Nge2 O-O 7.b3 Nf5 8.O-O Rb8
9.Bb2 a6 10.Na4 Bxb2 11.Nxb2 Qb6 12.Qc2 d6 13.Na4 Qa7 14.Nac3 Bd7 15.Nd5 b5
16.d3 a5 17.Qd2 Nb4 18.Ndc3 Na6 19.e4 Ng7 20.Nd5 Bg4 21.f3 Be6 22.Qxa5 b4
23.a3  1/2-1/2

[Event "Bad Lauterberg"]
[Site "Bad Lauterberg"]
[Date "1977.??.??"]
[Round "6"]
[White "Torre, Eugenio"]
[Black "Andersson, Ulf"]
[Result "1/2-1/2"]
[WhiteElo "2550"]
[BlackElo "2565"]

1.e4 c5 2.Nf3 e6 3.d4 cxd4 4.Nxd4 Nf6 5.Nc3 d6 6.Be2 Be7 7.O-O a6 8.f4 O-O
9.Kh1 Nc6 10.Be3 Bd7 11.Qe1 b5 12.a3 Rb8 13.Bf3 Nxd4 14.Bxd4 e5 15.Bf2 exf4
16.Bd4 Re8 17.Qd2 Be6 18.Qxf4 Nd7 19.Bg4 Bf6 20.Bxe6 fxe6 21.Bxf6 Nxf6 22.Rae1 Rf8
23.h3 Nd7 24.Qg4 Rxf1+ 25.Rxf1 Qe8 26.Ne2 Ne5 27.Qf4 h6 28.Qd2 Qc6 29.Rf4 Nc4
30.Qc3 Qc5 31.Rf3 Ne5 32.Qxc5 dxc5 33.Rc3 Rc8 34.b3 Kf7 35.Kg1 Ke7 36.Kf2 Rf8+
37.Ke1 Kd6 38.Ng1 Rf4 39.Re3 c4 40.Ne2 Rf7 41.b4 g5 42.Nd4 Ng6 43.g3 Ne7
44.Ke2 Rg7 45.Kd2 Rf7 46.Ke2 Rf8 47.Rc3 Rb8 48.Re3 h5 49.Rc3 g4 50.h4 Rf8
51.Re3 Nc6 52.Nxc6 Kxc6 53.c3 Kd6 54.Ke1 Ke5 55.Ke2 a5 56.Ke1 Rf7 57.Ke2  1/2-1/2

[Event "Bad Lauterberg"]
[Site "Bad Lauterberg"]
[Date "1977.??.??"]
[Round "10"]
[White "Wockenfuss, Klaus"]
[Black "Andersson, Ulf"]
[Result "1/2-1/2"]
[WhiteElo "2350"]
[BlackElo "2565"]

1.e4 c6 2.c4 d5 3.exd5 cxd5 4.cxd5 Nf6 5.Bb5+ Nbd7 6.Nc3 g6 7.Nge2 a6 8.Qa4 Bg7
9.O-O O-O 10.Bxd7 Bxd7 11.Qb3 b5 12.d3 Bf5 13.Rd1 Qd7 14.Be3 Rfd8 15.Bb6 Re8
16.Bd4 Rad8 17.a4 e5 18.dxe6 Rxe6 19.axb5 axb5 20.Bxf6 Bxf6 21.Ne4 Bd4 22.Nxd4 Qxd4
23.h3 Qb6 24.Ng3 Rf6 25.Rd2 h5 26.Qb4 Kg7 27.d4 h4 28.Nxf5+ Rxf5 29.Re1 Rf4
30.Red1 Rd5 31.Qe7 Qf6 32.Qxf6+ Kxf6 33.f3 Rd6 34.Kf2 Rf5 35.d5 Re5 36.Rd4 g5
37.f4 gxf4 38.Rxf4+ Kg5 39.Rg4+ Kh5 40.Rgd4 Rf6+ 41.Kg1 Rd6 42.R1d2 Rf5 43.R2d3 Re5
44.Kf2 Rg5 45.Kf1 Re5 46.Rd2 Kg5 47.Rg4+ Kf6 48.Rxh4 Rdxd5 49.Rxd5 Rxd5 50.Ke2 Rg5
51.Kf3 Rd5 52.Ke3 Rg5 53.Rf4+ Ke6 54.g4 Rc5 55.Kd3 Rc1 56.Rf5 b4 57.Rb5 Rh1
58.Rh5 Rc1 59.Rf5 b3 60.Rf3 Rc2 61.Re3+ Kf6 62.Re2 Rc8 63.h4 Rc1 64.Rg2 Kg6
65.Rf2 Rc7 66.Rd2 Kg7 67.Ke3 Rc4 68.Rg2 Kg6 69.Kd3 Rc7 70.Re2 Kg7 71.Rf2 Kg6
72.Rd2 Kg7 73.Rh2 Rc6 74.Rf2 Rc7 75.g5 Rc5 76.Ke3 Rc4 77.h5 Rc5 78.h6+ Kg8
79.h7+ Kh8 80.Rxf7 Re5+ 81.Kd4 Rd5+ 82.Ke4 Re5+ 83.Kf4 Re4+ 84.Kf3 Re3+ 85.Kf2 Re2+
86.Kg3 Rg2+ 87.Kh4 Rg4+ 88.Kxg4  1/2-1/2

[Event "Bad Lauterberg"]
[Site "Bad Lauterberg"]
[Date "1977.??.??"]
[Round "12"]
[White "Liberzon, Vladimir M"]
[Black "Andersson, Ulf"]
[Result "1/2-1/2"]
[WhiteElo "2550"]
[BlackElo "2565"]

1.e4 c5 2.Nf3 e6 3.d4 cxd4 4.Nxd4 a6 5.Nc3 Nc6 6.Be2 Nge7 7.Nb3 Ng6 8.Be3 b5
9.O-O Be7 10.f4 O-O 11.Bd3 Nb4 12.Qh5 Nxd3 13.cxd3  1/2-1/2

[Event "Bad Lauterberg"]
[Site "Bad Lauterberg"]
[Date "1977.??.??"]
[Round "13"]
[White "Andersson, Ulf"]
[Black "Huebner, Robert"]
[Result "1/2-1/2"]
[WhiteElo "2565"]
[BlackElo "2600"]

1.Nf3 g6 2.g3 Bg7 3.Bg2 Nf6 4.O-O O-O 5.c4 c5 6.Nc3 Nc6 7.a3 d5 8.cxd5 Nxd5
9.Nxd5 Qxd5 10.d3 Qd6 11.Rb1  1/2-1/2

[Event "Biel"]
[Site "Biel"]
[Date "1977.??.??"]
[Round "2"]
[White "Andersson, Ulf"]
[Black "Flesch, Janos"]
[Result "1-0"]
[WhiteElo "2565"]
[BlackElo "2450"]

1.c4 Nf6 2.Nf3 e6 3.g3 c5 4.Bg2 d5 5.cxd5 Nxd5 6.O-O Nc6 7.d4 cxd4 8.Nxd4 Bd7
9.Nb5 a6 10.N5c3 Nxc3 11.Nxc3 Na5 12.Bf4 Be7 13.Rc1 Rc8 14.Ne4 O-O 15.Rxc8 Qxc8
16.Nd6 Bxd6 17.Qxd6 Nc4 18.Qb4 b5 19.b3 e5 20.Bc1 Nb6 21.Be3 Na8 22.Qd6 Bg4
23.Qxe5 Re8 24.Qb2 Qd7 25.Rc1 Rc8 26.Rxc8+ Qxc8 27.Qd2 Nc7 28.h3 Bf5 29.g4 Be6
30.Bb7 Qf8 31.Bf4 Ne8 32.Qd8 h5 33.Bxa6 hxg4 34.Bxb5 Nf6 35.Qxf8+ Kxf8 36.hxg4 Bxg4
37.a4 Ke7 38.Bg5 Kd6 39.Bxf6 gxf6 40.b4 Kd5 41.a5 Kd4 42.a6 Bc8 43.a7 Bb7
44.Be8 Kc4 45.b5 Kc5 46.Bc6 Kb6 47.Bxb7 Kxb7 48.b6  1-0

[Event "Biel"]
[Site "Biel"]
[Date "1977.??.??"]
[Round "3"]
[White "Kagan, Shimon"]
[Black "Andersson, Ulf"]
[Result "0-1"]
[WhiteElo "2440"]
[BlackElo "2565"]

1.e4 c5 2.Nf3 d6 3.d4 cxd4 4.Nxd4 a6 5.c4 g6 6.Nc3 Bg7 7.Be3 Nf6 8.Be2 O-O
9.O-O Nbd7 10.Qd2 Re8 11.f3 b6 12.Rfd1 Bb7 13.Rac1 Rc8 14.Bf1 e6 15.Nc2 Bf8
16.Qf2 Qc7 17.a3 Ba8 18.Nb4 Nc5 19.Nba2 Qb8 20.b4 Ncd7 21.Na4 Rc6 22.N2c3 Rec8
23.b5 axb5 24.Nxb5 d5 25.exd5 exd5 26.Nd4 Rd6 27.Bf4 Nh5 28.Bxd6 Bxd6 29.g4 Nf4
30.Nb5 Be5 31.Nac3 Rxc4 32.Ne2 Rxc1 33.Nxc1 Nc5 34.Nd4 Qd6 35.Kh1 Bb7 36.Nd3 Ncxd3
37.Bxd3 Qc5 38.Bf1 Ne6 39.Qh4  0-1

[Event "Biel"]
[Site "Biel"]
[Date "1977.??.??"]
[Round "4"]
[White "Andersson, Ulf"]
[Black "Lombard, Andre"]
[Result "1-0"]
[WhiteElo "2565"]
[BlackElo "2410"]

1.c4 Nf6 2.Nf3 e6 3.g3 d5 4.Bg2 dxc4 5.Qa4+ Nbd7 6.Qxc4 c5 7.d4 a6 8.Qc2 b6
9.Ne5 Nd5 10.Nxd7 Qxd7 11.dxc5 Bxc5 12.O-O Bb7 13.Rd1 Qc8 14.Nc3 Nxc3 15.Qxc3 O-O
16.Bf4 Bxg2 17.Kxg2 Rd8 18.Qf3 Ra7 19.Rac1 Rad7 20.Rxd7 Qxd7 21.Rc3 h6 22.a3 a5
23.Be3 Bxe3 24.Qxe3 Qb5 25.Rb3 Qc6+ 26.Qf3 Rd6 27.Qxc6 Rxc6 28.h4 h5 29.Kf3 Kf8
30.Ke4 Ke7 31.Kd4 Kd6 32.Rb5 g6 33.f4 Ke7 34.Rb3 Kd6 35.e4 Ke7 36.Rb5 Kf6
37.Rb3 Ke7 38.Rc3 Rd6+ 39.Kc4 Rd2 40.b4 axb4 41.axb4 e5 42.fxe5 Ke6 43.Kb5 Rb2
44.Rc4 Rb3 45.Kxb6 Rxg3 46.b5 g5 47.hxg5 h4 48.Kc7 h3 49.b6 h2 50.b7 Rb3
51.Rc1  1-0

[Event "Biel"]
[Site "Biel"]
[Date "1977.??.??"]
[Round "5"]
[White "Hug, Werner"]
[Black "Andersson, Ulf"]
[Result "1/2-1/2"]
[WhiteElo "2445"]
[BlackElo "2565"]

1.Nf3 Nf6 2.e3 g6 3.b4 Bg7 4.Bb2 O-O 5.c4 b6 6.Be2 c5 7.b5 Bb7 8.O-O d6 9.d3 Nbd7
10.Qc2 Qc7 11.a4 a5 12.bxa6 Rxa6 13.Nc3 Rc8 14.Rfc1 Qd8 15.Qb3 Nb8 16.Nd2 Nc6
17.Bf3 Na5 18.Qb5 Ra7 19.Bxb7 Rxb7 20.Nb3 Rcb8 21.Nd2 Nd7 22.Nd5 Ne5 23.Ra3 e6
24.Nf4 Nec6 25.Bxg7 Kxg7  1/2-1/2

[Event "Biel"]
[Site "Biel"]
[Date "1977.??.??"]
[Round "6"]
[White "Andersson, Ulf"]
[Black "Huss, Andreas"]
[Result "1-0"]
[WhiteElo "2565"]
[BlackElo "2350"]

1.Nf3 Nf6 2.c4 c6 3.Nc3 d5 4.d4 e6 5.cxd5 exd5 6.Qc2 g6 7.Bg5 Bf5 8.Qb3 b6
9.e4 dxe4 10.Ne5 Qe7 11.Bc4 Be6 12.Bxe6 fxe6 13.O-O Bg7 14.Nxe4 O-O 15.Rfe1 Re8
16.Re3 b5 17.Rae1 a5 18.Nxf6+ Bxf6 19.Bxf6 Qxf6 20.Ng4 Qg5 21.Rxe6 Rxe6 22.Qxe6+  1-0

[Event "Biel"]
[Site "Biel"]
[Date "1977.??.??"]
[Round "7"]
[White "Wirthensohn, Heinz"]
[Black "Andersson, Ulf"]
[Result "1/2-1/2"]
[WhiteElo "2390"]
[BlackElo "2565"]

1.d4 Nf6 2.Nf3 g6 3.Bg5 Bg7 4.Nbd2 O-O 5.c3 d6 6.a4 c5 7.dxc5 dxc5 8.e4 Nc6
9.Qc2 Qc7 10.Nc4 Be6 11.Be2 h6 12.Bd2 Rad8 13.O-O Nd7 14.Qc1 Kh7 15.Bf4 Qc8
16.Qc2 Bxc4 17.Bxc4 Na5 18.Be2 c4 19.Be3 Nc5 20.Nd2 Ncb3 21.Nxb3 cxb3 22.Qc1 b6
23.Rd1 Qe6 24.Rxd8 Rxd8 25.f3 f5 26.exf5 gxf5 27.Bb5 Nc4 28.Bxc4 Qxc4 29.Qf1 Qd5
30.Qb5 Qe6 31.Re1 Bf6 32.Kf1 Kg6 33.Bd4 Qd5 34.Bxf6 Qxb5+ 35.axb5 Kxf6 36.Ke2 Rg8
37.Kf2 Rd8 38.Ke2  1/2-1/2

[Event "Biel"]
[Site "Biel"]
[Date "1977.??.??"]
[Round "8"]
[White "Kestler, Hans Guenther"]
[Black "Andersson, Ulf"]
[Result "1/2-1/2"]
[WhiteElo "2440"]
[BlackElo "2565"]

1.Nf3 c5 2.c4 g6 3.d4 Bg7 4.d5 d6 5.e4 e6 6.Nc3 Nf6 7.Be2 O-O 8.O-O Re8 9.h3 Na6
10.Be3 exd5 11.exd5 Ne4 12.Nxe4 Rxe4 13.Qd2 Re8 14.Rab1 Bf5 15.Bd3 Qd7 16.Rfd1 Bxd3
17.Qxd3 Nb4 18.Qb3 a5 19.Bd2 Re4 20.a4 Rae8 21.Kf1 Qf5 22.Bxb4  1/2-1/2

[Event "Biel"]
[Site "Biel"]
[Date "1977.??.??"]
[Round "10"]
[White "Andersson, Ulf"]
[Black "Torre, Eugenio"]
[Result "0-1"]
[WhiteElo "2565"]
[BlackElo "2550"]

1.Nf3 d6 2.g3 e5 3.Bg2 Nf6 4.O-O Be7 5.d4 Nbd7 6.Nbd2 e4 7.Ne1 d5 8.c4 c6
9.cxd5 cxd5 10.Nb1 O-O 11.Nc3 a6 12.Qb3 Nb6 13.Nc2 Nc4 14.a4 Be6 15.Rd1 Qd7
16.Bg5 Rfc8 17.Ne3 h6 18.Bxf6 Nxe3 19.fxe3 Bxf6 20.a5 Bd8 21.Na4 Qb5 22.Qxb5 axb5
23.Nc5 Rxa5 24.Rac1 Raa8 25.h4 Be7 26.Nxe6 fxe6 27.Bh3 Kf7 28.Rf1+ Bf6 29.Rxc8 Rxc8
30.Ra1 Bd8 31.Ra7 Rb8 32.Kf2 Ke7 33.Ra3 Bc7 34.Rb3 b4  0-1

[Event "Biel"]
[Site "Biel"]
[Date "1977.??.??"]
[Round "11"]
[White "Andersson, Ulf"]
[Black "Robatsch, Karl"]
[Result "1/2-1/2"]
[WhiteElo "2565"]
[BlackElo "2435"]

1.c4 g6 2.g3 Bg7 3.Bg2 e5 4.Nc3 d6 5.d3 Nc6 6.Rb1 a5 7.a3 Nf6 8.Nf3 O-O 9.O-O Bf5
10.b4 axb4 11.axb4 Qd7 12.b5 Nd8 13.Re1 c6 14.Bb2 Re8 15.Ra1 Rxa1 16.Qxa1 Bh3
17.Bh1 h6 18.Qa7 d5 19.bxc6 Nxc6 20.Qa1 dxc4 21.dxc4 Qg4 22.Nb5 Nh5 23.Nc7 Rd8
24.Nxe5 Nxe5 25.Bxe5 Qxc4 26.Bxg7 Nxg7 27.Qc1 Qa2 28.Nb5 Qa5 29.Qb1 Rd2 30.Rc1 Rxe2
31.Nc3 Rd2 32.Ne4 Bf5 33.Qxb7 Bxe4 34.Bxe4 Rd8 35.Kg2 Qe5 36.Rc7 Rf8 37.Bd5 Qf6
38.Rc6 Qf5 39.Rc4 Rd8 40.Be4 Qe6  1/2-1/2

[Event "Biel"]
[Site "Biel"]
[Date "1977.??.??"]
[Round "13"]
[White "Andersson, Ulf"]
[Black "Panno, Oscar"]
[Result "1/2-1/2"]
[WhiteElo "2565"]
[BlackElo "2550"]

1.c4 g6 2.g3 Bg7 3.Bg2 Nf6 4.Nf3 O-O 5.O-O d6 6.Nc3 c6 7.d3 a6 8.Bd2 Re8
9.Qc2 e5 10.Rfd1 Qe7 11.Rac1 h6 12.b4 Be6 13.a4 Nbd7 14.b5 d5 15.bxc6 bxc6
16.Be1 dxc4 17.dxc4 Bxc4 18.Nd2 Bd5 19.Nde4 Qe6 20.Rb1 Red8 21.Nd2 Bxg2 22.Kxg2 Bf8
23.Nce4 Nxe4 24.Nxe4 f5 25.Nd2 Nc5 26.Nc4 Rxd1 27.Rxd1 Rb8 28.Na5 Kf7 29.f3 Rc8  1/2-1/2

[Event "Biel"]
[Site "Biel"]
[Date "1977.??.??"]
[Round "14"]
[White "Vukic, Milan"]
[Black "Andersson, Ulf"]
[Result "1/2-1/2"]
[WhiteElo "2495"]
[BlackElo "2565"]

1.Nf3 Nf6 2.c4 c5 3.g3 b6 4.Bg2 Bb7 5.Nc3 e6 6.d4 cxd4 7.Qxd4 Nc6 8.Qf4 Bb4
9.Bd2 O-O 10.O-O Be7 11.e4  1/2-1/2

[Event "Montilla"]
[Site "Montilla"]
[Date "1977.??.??"]
[Round "3"]
[White "Andersson, Ulf"]
[Black "Stean, Michael"]
[Result "1/2-1/2"]
[WhiteElo "2565"]
[BlackElo "2485"]

1.c4 Nf6 2.Nf3 b6 3.d4 e6 4.g3 Bb7 5.Bg2 Be7 6.O-O O-O 7.Nc3 Ne4 8.Nxe4 Bxe4
9.Ne1 Bxg2 10.Nxg2 d5 11.Qa4 Qe8 12.Qxe8 Rxe8 13.cxd5 exd5 14.Nf4 c6 15.Be3 Bd6
16.Nd3 Kf8 17.Rfc1 a5 18.Kf1 Ke7 19.Rc3 Kd7 20.Bf4 f6 21.Rac1 Bxf4 22.gxf4 Kd6
23.e3 Ra7 24.f5 g5 25.h4 Rg7 26.Ke2 Re4 27.hxg5 Rxg5 28.Rh1 Re7 29.Rh6 Rxf5
30.f4 c5 31.Kf3 cxd4 32.exd4 Re4 33.Rxh7 Rxd4 34.Rc8 Nc6 35.Ke3 Re4+ 36.Kd2 Nb4
37.Rhc7 Nxd3  1/2-1/2

[Event "Montilla"]
[Site "Montilla"]
[Date "1977.??.??"]
[Round "4"]
[White "Visier Segovia, Fernando"]
[Black "Andersson, Ulf"]
[Result "0-1"]
[WhiteElo "2355"]
[BlackElo "2565"]

1.d4 Nf6 2.c4 g6 3.Nc3 Bg7 4.e4 d6 5.f3 O-O 6.Be3 a6 7.Qd2 Nbd7 8.Bd3 c5
9.Nge2 b6 10.O-O Bb7 11.Rac1 e6 12.Rfd1 Qc7 13.Kh1 Rfe8 14.Bc2 cxd4 15.Nxd4 Rac8
16.Ba4 Red8 17.Bxd7 Nxd7 18.Bg5 Re8 19.Nde2 Bf8 20.b3 Qb8 21.Bh6 Be7 22.Bg5 f6
23.Be3 Ba8 24.a4 Qb7 25.Nf4 Bf8 26.Qf2 Nc5 27.Rb1 Rc7 28.Qa2 Nd7 29.Qf2 Rcc8
30.Qg3 Nc5 31.Qf2 Qf7 32.Nfe2 Rb8 33.Nd4 Rb7 34.Qa2 f5 35.b4 Nd7 36.a5 bxa5
37.Qxa5 Ne5 38.Qxa6 Ra7 39.Qb6 Rb7 40.Qa6 Ra7 41.Qb6 Nxc4  0-1

[Event "Montilla"]
[Site "Montilla"]
[Date "1977.??.??"]
[Round "6"]
[White "Andersson, Ulf"]
[Black "Martin Gonzalez, Angel"]
[Result "1-0"]
[WhiteElo "2565"]
[BlackElo "2340"]

1.Nf3 Nf6 2.c4 g6 3.g3 Bg7 4.Bg2 O-O 5.O-O d6 6.Nc3 c5 7.Rb1 Nc6 8.a3 a5
9.d3 Bd7 10.Ne1 Ne8 11.Nc2 Nc7 12.Qd2 Rb8 13.b3 b5 14.Bb2 b4 15.axb4 axb4
16.Nd1 e5 17.Nde3 Nd4 18.Nxd4 exd4 19.Nd5 Nxd5 20.Bxd5 Be6 21.Bg2 d5 22.Ra1 Ra8
23.Rxa8 Qxa8 24.Ra1 Qb7 25.Qc1 Ra8 26.Bf3 Bf8 27.h4 h5 28.Kh2 Rxa1 29.Qxa1 Qd7
30.Bc1 dxc4 31.dxc4 Kh7 32.Be4 Bf5 33.Qa8 Bd6 34.Bg5 Qe6 35.Bxf5 Qxf5 36.Kg2 Kg7
37.Qe8 Qe6 38.Qxe6 fxe6 39.Kf3 Kf7 40.Ke4 Ke8 41.Bf4 Kd7 42.Bxd6 Kxd6 43.Kf4 e5+
44.Ke4  1-0

[Event "Montilla"]
[Site "Montilla"]
[Date "1977.??.??"]
[Round "7"]
[White "Kavalek, Lubomir"]
[Black "Andersson, Ulf"]
[Result "1/2-1/2"]
[WhiteElo "2545"]
[BlackElo "2565"]

1.c4 Nf6 2.Nf3 e6 3.g3 b6 4.Bg2 Bb7 5.O-O Be7 6.Nc3 c5 7.d4 cxd4 8.Qxd4 O-O
9.b3 d6 10.Bb2 a6 11.Rfd1 Nbd7 12.h3 Rc8 13.e4 Qc7 14.Qe3 Qb8 15.Nd4 Rfe8
16.Re1 Bf8 17.Rad1 g6 18.Ba1 Ba8  1/2-1/2

[Event "Montilla"]
[Site "Montilla"]
[Date "1977.??.??"]
[Round "8"]
[White "Andersson, Ulf"]
[Black "Gligoric, Svetozar"]
[Result "1/2-1/2"]
[WhiteElo "2565"]
[BlackElo "2565"]

1.c4 c5 2.g3 Nc6 3.Bg2 Nf6 4.Nc3 e6 5.Nf3 d5 6.cxd5 exd5 7.d4 Be7 8.O-O O-O
9.Be3 Ng4 10.Bf4 Be6 11.dxc5 Bxc5 12.Na4 Be7 13.Rc1 Rc8 14.a3  1/2-1/2

[Event "Montilla"]
[Site "Montilla"]
[Date "1977.??.??"]
[Round "9"]
[White "Taimanov, Mark E"]
[Black "Andersson, Ulf"]
[Result "1/2-1/2"]
[WhiteElo "2530"]
[BlackElo "2565"]

1.Nf3 Nf6 2.c4 g6 3.Nc3 Bg7 4.d4 O-O 5.Bg5 c5 6.e3 cxd4 7.exd4 d5 8.Bxf6 Bxf6
9.cxd5 Nd7 10.Bc4 Nb6 11.Bb3 Bg4 12.O-O Nc8 13.h3 Bxf3 14.Qxf3 Bxd4 15.Rad1 Bg7
16.Rd2 Nd6 17.Ne4 Nxe4 18.Qxe4 Qd6  1/2-1/2

[Event "Vrbas"]
[Site "Vrbas"]
[Date "1977.??.??"]
[Round "1"]
[White "Sahovic, Dragutin"]
[Black "Andersson, Ulf"]
[Result "1/2-1/2"]
[WhiteElo "2460"]
[BlackElo "2565"]

1.d4 Nf6 2.Nf3 e6 3.g3 b6 4.Bg2 Bb7 5.O-O Be7 6.c4 O-O 7.Nc3 Ne4 8.Bd2 Bf6
9.Rc1 d6 10.d5 Nxc3 11.Bxc3 Bxc3 12.Rxc3 e5 13.e4 Nd7 14.Nd2 c6 15.Qc2 a5
16.Rc1 Nc5 17.b3  1/2-1/2

[Event "Vrbas"]
[Site "Vrbas"]
[Date "1977.??.??"]
[Round "2"]
[White "Andersson, Ulf"]
[Black "Barle, Janez"]
[Result "1/2-1/2"]
[WhiteElo "2565"]
[BlackElo "2450"]

1.Nf3 Nf6 2.g3 g6 3.Bg2 Bg7 4.c4 d5 5.O-O O-O 6.d4 Nc6 7.Na3 Be6 8.Ng5 Bc8
9.Nf3 Be6 10.b3 Ne4 11.Bb2 f5 12.cxd5 Bxd5 13.Nc4 Qd7 14.Qc2 a5 15.Rac1 Bh6
16.e3 Qe6 17.Nce5  1/2-1/2